| 000 | 00798nam a22001337a 4500 | ||
|---|---|---|---|
| 040 | _cRUA | ||
| 082 | _aVEM MON 2015 B534 Or.1 | ||
| 100 | _aMON SEIHA; ម៉ុន សីហា | ||
| 245 | _aSurvey on diseases of piglets after weaning until two months ages at seang sokly farm at uodong district, kampong speu province, ការអង្កេតជំងឺដែលជួបប្រទះលើកូនជ្រូកក្រោយពេលផ្ដាច់ដោះរហូតដល់អាយុ២ខែ នៅកសិដ្ឋានចិញ្ចឹមជ្រូកសៀង សុខលី ស្រុកឧដុង្គ ខេត្តកំពង់ស្ពឺ | ||
| 260 |
_aPhnom Penh _bMON _c2015 |
||
| 300 |
_ax,38p. _bill. _c29cm. |
||
| 856 | _u MON SEIHA | ||
| 942 | _cVEM | ||
| 999 |
_c10866 _d10866 |
||